|
|
|
|
| LEADER |
00845nam a22002532a 4500 |
| 001 |
000906382 |
| 003 |
CZ BrMZK |
| 005 |
20230517073117.0 |
| 007 |
ta |
| 008 |
080724s1876 xr er|||||||||||cze d |
| 040 |
|
|
|a BOA001
|b cze
|
| 100 |
1 |
|
|a Molnár, Daniel Bohumil,
|d 1819-1889
|7 jk01082004
|4 aut
|
| 245 |
1 |
0 |
|a Řeči duchovní konané při pohřbu Františka Palackého, ... dne 31. května 1876 /
|c Daniel Bohumil Molnár, Felix Molnár, Karel Lány
|
| 260 |
|
|
|a [V Praze :
|b Ed. Grégr,
|c 1876]
|
| 300 |
|
|
|a 8 s.
|
| 501 |
|
|
|a Přívazek k: Císař Josef II.
|
| 700 |
1 |
|
|a Molnár, Felix
|4 aut
|
| 700 |
1 |
|
|a Lány, Karel Eduard,
|d 1838-1903
|7 xx0210250
|4 aut
|
| 910 |
|
|
|a BOA001
|b 1-0765.539,přív.4
|
| 964 |
|
|
|a Bohemika - stol. 19.
|
| 990 |
|
|
|a BK
|
| 993 |
|
|
|a Y
|
| 991 |
|
|
|b 200807
|
| 994 |
|
|
|a UP
|l MZK01
|b 000681748
|m přívazek 4
|n záznam 1. díla
|